Kont(a)ranto : najzázračnejšia krajina na svete /
Uložené v:
| Hlavný autor: | |
|---|---|
| Ďalší autori: | |
| Médium: | Kniha |
| Jazyk: | Slovak |
| Vydané: |
Námestovo :
Solitudo,
2003
|
| Vydanie: | Vyd. 1. |
| Témy: | |
| ISBN: |
8085705273 (brož.) |
| Fyzický popis: |
72 s. : fotogr. ; 18 cm |
| Tagy: |
Pridať tag
Žiadne tagy, Buďte prvý kto otaguje tento záznam!
|
Titul je dostupný aj v ... 

MARC
| LEADER | 00000nam a2200000 a 4500 | ||
|---|---|---|---|
| 001 | 000000398 | ||
| 005 | 20040518124349.0 | ||
| 008 | 040405s2003 xo a e 000 1 sloo | ||
| 020 | |a 8085705273 (brož.) | ||
| 040 | |a SVKKK |b slo |c SVKKK |e AACR2 | ||
| 041 | 0 | |a slo | |
| 044 | |a xo |c SK | ||
| 072 | 7 | |a 821.162.4-3 |x Slovenská próza |2 konspekt | |
| 080 | |a 821.162.4-32 |2 1997 | ||
| 080 | |a (0:82-32) |2 1997 | ||
| 100 | 1 | |a Slovík, Jozef Medard, |d 1973- |4 aut | |
| 245 | 1 | 0 | |a Kont(a)ranto : |b najzázračnejšia krajina na svete / |c Jozef Medard Slovík ; [foto Jaro Sýkora] |
| 250 | |a Vyd. 1. | ||
| 260 | |a Námestovo : |b Solitudo, |c 2003 | ||
| 300 | |a 72 s. : |b fotogr. ; |c 18 cm | ||
| 366 | |e 200 výt. | ||
| 500 | |a Údaj o fotogr. prevzatý z patitulnej strany | ||
| 655 | 7 | |a príbehy |2 SVKKKPH | |
| 655 | 7 | |a umelecká literatúra |2 SVKKKPH | |
| 700 | 1 | |a Sýkora, Jaro |4 pht | |
| 919 | |a 80-85705-27-3 | ||
| 998 | |a BK | ||
| 090 | |g SCKHL |k Sklad Hlavná 10 prízemie |a I.72758 |j 959814 |i 2720020877 |s Absenčne | ||